| 000 | 01823cam a2200445 i 4500 | ||
|---|---|---|---|
| 001 | 42005 | ||
| 003 | Mx-PuUPA | ||
| 005 | 20250610092706.0 | ||
| 008 | 140415s1978 mx gr 001 0 spa d | ||
| 020 | _a9684340036 | ||
| 040 |
_cMx-PuUPA _aMx-PuUPA _bspa _dMx-PuUPA _erda |
||
| 041 | 1 |
_aspa _hfre |
|
| 043 | _acl----- | ||
| 240 | 1 | 2 |
_aL'Amerique Latine apres cinquante ans d'industrialization. _lEspañol |
| 245 | 1 | 0 |
_aAmérica Latina : _bcincuenta años de industrialización / _cPedro Calili Padis, Fernando Henrique Cardoso, José Paulo Carneiro Vieira, Michael Lowi, Eder Sader, Luiz C. Bresser Pereira, Pierre Salama, Paul Singer ; traducción de Ricardo Pérez Pérez |
| 250 |
_aPrimera edición / _ben castellano |
||
| 264 | 1 |
_aMéxico, D.F. : _bPremia Editora, _c1978 |
|
| 300 |
_a205 páginas : _c21 cm |
||
| 336 |
_2rdacontent _atexto _btxt |
||
| 337 |
_2rdamedia _asin medio _bn |
||
| 338 |
_2rdacarrier _avolumen _bnc |
||
| 650 | 7 |
_2armarc _aHistoria económica |
|
| 651 | 4 |
_aAmérica Latina _xCondiciones económicas |
|
| 651 | 4 |
_aAmérica Latina _xIndustrialización _ySiglo XX |
|
| 651 | 4 |
_aAmérica Latina _xCondiciones sociales |
|
| 700 | 1 |
_aCalili Padis, Pedro, _eautor |
|
| 700 | 1 |
_aCardoso, Fernando Henrique, _eautor |
|
| 700 | 1 |
_aCarneiro Vieira, José Paulo, _eautor |
|
| 700 | 1 |
_aLowi, Michael, _eautor |
|
| 700 | 1 |
_aSader, Eder, _eautor |
|
| 700 | 1 |
_aBresser Pereira, Luiz C., _eautor |
|
| 700 | 1 |
_aSalama, Pierre, _eautor _92943 |
|
| 700 | 1 |
_aSinger, Paul, _eautor |
|
| 700 | 1 |
_aPérez Pérez, Ricardo, _etraductor |
|
| 765 |
_tL'Amerique Latine apres cinquante ans d'industrialization _dPress Universitaire de France |
||
| 942 |
_2ddc _cLI _h338.098 _iA4518 |
||
| 999 |
_c42005 _d42005 |
||